[Event "Colmenarejo Autumn op 29th"]
[Site "Colmenarejo"]
[Date "2019.10.13"]
[Round "5"]
[White "Lucarelli, Leonardo"]
[Black "Anton Ortiz, Carlos"]
[Result "1-0"]
[WhiteElo "1480"]
[BlackElo "1107"]
[PlyCount "101"]
[EventDate "2019.09.15"]
[EventType "swiss"]
[EventRounds "7"]
[EventCountry "ESP"]
[SourceTitle "EXT 2021"]
[Source "ChessBase"]
[SourceDate "2020.10.23"]
[SourceVersion "1"]
[SourceVersionDate "2020.10.23"]
[SourceQuality "1"]

1. d4 d5 2. Nf3 Nc6 3. e3 Nf6 4. c3 Bf5 5. Bd3 Qd7 6. Qc2 Bxd3 7. Qxd3 e6 8. Nbd2 Bd6 9. e4 dxe4 10. Nxe4 Nxe4 11. Qxe4 0-0-0 12. Bg5 Rde8 13. 0-0-0 f6 14. Bh4 e5 15. d5 Ne7 16. h3 f5 17. Qc4 e4 18. Bxe7 Rxe7 19. Nd4 Bf4+ 20. Kb1 Re5 21. Ne6 Bh6 22. Qd4 Qd6 23. Qxa7 Kd7 24. Nc5+ Ke7 25. Nxb7 Qd7 26. Qd4 Kf6 27. d6 Rc8 28. dxc7 Qxc7 29. Qd6+ Re6 30. Qxc7 Rxc7 31. Nd6 g6 32. Nb5 Rc5 33. a4 Bf8 34. Rd7 Ra6 35. b3 h5 36. Rhd1 g5 37. Kc2 g4 38. hxg4 hxg4 39. R1d5 Rxd5 40. Rxd5 Ke6 41. c4 f4 42. Nc7+ Kf6 43. Nxa6 f3 44. gxf3 exf3 45. Kd2 Kg6 46. Ke1 Be7 47. Nc5 Bg5 48. Ne6 Be7 49. Kf1 Kf6 50. Nf4 Bb4 51. a5 1-0

[Event "Colmenarejo Autumn op"]
[Site "Colmenarejo"]
[Date "2015.09.20"]
[Round "1"]
[White "Lucarelli, Leonardo"]
[Black "Lopez Perolio, Jorge"]
[Result "0-1"]
[WhiteElo "1552"]
[BlackElo "1886"]
[PlyCount "82"]
[EventDate "2015.09.20"]
[EventType "swiss"]
[EventRounds "7"]
[EventCountry "ESP"]
[SourceTitle "EXT 2019"]
[Source "ChessBase"]
[SourceDate "2018.10.10"]
[SourceVersion "1"]
[SourceVersionDate "2018.10.10"]
[SourceQuality "1"]

1. d4 g6 2. Nf3 Bg7 3. e3 f5 4. c3 Nf6 5. Bd3 0-0 6. 0-0 d6 7. Nbd2 Qe8 8. e4 fxe4 9. Nxe4 Nbd7 10. Nfg5 Nxe4 11. Ne6 Nef6 12. Nxc7 Qd8 13. Ne6 Qb6 14. Nxf8 Kxf8 15. Qe2 e5 16. Be3 e4 17. Bc4 d5 18. Bb3 a5 19. Qc2 Qc6 20. a3 a4 21. Ba2 b5 22. Rac1 Ba6 23. b4 axb3 24. Qxb3 Kg8 25. f3 b4 26. cxb4 Qe6 27. b5 Bb7 28. Rc7 Qb6 29. Rfc1 exf3 30. gxf3 Bf8 31. a4 Bd6 32. R7c3 Kg7 33. Qd1 Ng8 34. Qf1 Rxa4 35. R1c2 Ne7 36. Rb3 Nf5 37. Qh3 Nf6 38. Qg2 Nxe3 39. Rxe3 Qxd4 40. Qd2 Qxd2 41. Rxd2 Bc5 0-1